[Event "World ol U16"]
[Site "Corum"]
[Date "2019.11.05"]
[Round "9.20"]
[White "Claassen, Jean Daniel"]
[Black "Foo, Jiu Weir Brien"]
[Result "0-1"]
[WhiteElo "1573"]
[BlackElo "1731"]
[PlyCount "110"]
[EventDate "2019.10.29"]
[EventType "team-swiss"]
[EventRounds "9"]
[EventCountry "TUR"]
[SourceTitle "CBM 192 Extra"]
[Source "Chessbase"]
[SourceDate "2019.11.06"]
[SourceVersion "1"]
[SourceVersionDate "2019.11.06"]
[SourceQuality "1"]
[WhiteTeam "South Africa II"]
[BlackTeam "Malaysia II"]
[WhiteTeamCountry "RSA"]
[BlackTeamCountry "MAS"]

1. e4 e5 2. Nf3 Nf6 3. Nxe5 d6 4. Nf3 Nxe4 5. d4 d5 6. c4 Bb4+ 7. Nbd2 0-0 8. Be2 dxc4 9. Bxc4 Bg4 10. 0-0 Nxd2 11. Bxd2 Bxd2 12. Qxd2 Bxf3 13. gxf3 Nc6 14. d5 Ne5 15. Be2 Qd6 16. f4 Ng6 17. f5 Ne5 18. f4 Nd7 19. Rad1 Nf6 20. Bf3 Rad8 21. Rf2 Rfe8 22. Qd4 b6 23. Rc2 Re7 24. Rc6 Qxc6 25. dxc6 Rxd4 26. Rxd4 Kf8 27. Kf2 Re8 28. b4 a5 29. bxa5 bxa5 30. Ra4 Ra8 31. Rd4 Ke7 32. Ke3 Rb8 33. Ra4 Rb5 34. Ra3 Rxf5 35. Rb3 Kd6 36. Rd3+ Nd5+ 37. Kf2 Kxc6 38. Kg3 Kc5 39. Be4 Rh5 40. Bf3 Rh3+ 41. Kg4 h5+ 42. Kf5 c6 43. Ra3 Ne7+ 44. Ke5 Ng6+ 45. Ke4 f5+ 46. Ke3 Nh4 47. Kf2 Rxf3+ 48. Rxf3 Nxf3 49. Kxf3 Kd4 50. Kg3 Ke3 51. Kh4 Kxf4 52. Kxh5 g5 53. a4 c5 54. h4 gxh4 55. Kxh4 c4 0-1

[Event "RSA-ch U14"]
[Site "Gauteng"]
[Date "2017.04.11"]
[Round "11"]
[White "Nhamuave, Eleazar"]
[Black "Claassen, Jean Daniel"]
[Result "1/2-1/2"]
[WhiteElo "1527"]
[BlackElo "1423"]
[PlyCount "86"]
[EventDate "2017.04.05"]
[EventType "swiss"]
[EventRounds "11"]
[EventCountry "RSA"]
[SourceTitle "CBM 177 Extra"]
[Source "ChessBase"]
[SourceDate "2017.04.27"]
[SourceVersion "1"]
[SourceVersionDate "2017.04.27"]
[SourceQuality "1"]

1. e4 c5 2. Nc3 g6 3. f4 Nc6 4. Nf3 Bg7 5. Bb5 Nd4 6. 0-0 Nxb5 7. Nxb5 d5 8. exd5 a6 9. Nc3 Nf6 10. d4 c4 11. Ne5 Nxd5 12. Qf3 Nb4 13. Be3 Nxc2 14. Rad1 Nxe3 15. Qxe3 b5 16. Qf3 Bd7 17. Nd5 Rb8 18. Rfe1 e6 19. f5 0-0 20. f6 exd5 21. fxg7 Kxg7 22. Qxd5 Be6 23. Qxd8 Rbxd8 24. Nc6 Rd6 25. Na5 Rb8 26. Rd2 b4 27. Rc1 Rc8 28. a3 c3 29. bxc3 bxc3 30. Rdc2 Rxd4 31. Rxc3 Rxc3 32. Rxc3 Bd5 33. Nb3 Ra4 34. Nc5 Rc4 35. Rxc4 Bxc4 36. Kf2 f5 37. Ke3 Kf6 38. Nd7+ Kg5 39. g3 h5 40. h4+ Kh6 41. Kf4 Kg7 42. Kg5 Bb5 43. Ne5 Be8 1/2-1/2

[Event "RSA-ch U14"]
[Site "Gauteng"]
[Date "2017.04.10"]
[Round "9"]
[White "Claassen, Jean Daniel"]
[Black "Malan, Jacques"]
[Result "1/2-1/2"]
[WhiteElo "1423"]
[BlackElo "1379"]
[PlyCount "89"]
[EventDate "2017.04.05"]
[EventType "swiss"]
[EventRounds "11"]
[EventCountry "RSA"]
[SourceTitle "CBM 177 Extra"]
[Source "ChessBase"]
[SourceDate "2017.04.27"]
[SourceVersion "1"]
[SourceVersionDate "2017.04.27"]
[SourceQuality "1"]

1. d4 Nf6 2. Nf3 e6 3. e3 d5 4. Bd3 c5 5. b3 Nc6 6. Bb2 a6 7. a3 b5 8. c4 bxc4 9. bxc4 Qb6 10. Qc2 Rb8 11. Bc3 Be7 12. Nbd2 cxd4 13. Nxd4 Bd7 14. cxd5 exd5 15. Nxc6 Qxc6 16. 0-0 0-0 17. Rfc1 Rfc8 18. Bd4 Qd6 19. Qd1 Ng4 20. Nf3 Bf6 21. Bxf6 Nxf6 22. Rxc8+ Rxc8 23. Qd2 Rb8 24. a4 Rb3 25. a5 Bb5 26. Bxb5 Rxb5 27. Nd4 Rb7 28. Qc2 Qc7 29. Qxc7 Rxc7 30. Rb1 Nd7 31. Kf1 Kf8 32. Ke2 Ke7 33. Kd3 Ne5+ 34. Ke2 Nc4 35. Rc1 Rb7 36. Ra1 Rb2+ 37. Kf3 Nd2+ 38. Kf4 Ne4 39. f3 Nc3 40. Rc1 Ne2+ 41. Nxe2 Rxe2 42. Rc6 Rxg2 43. Rxa6 Rxh2 44. Rb6 Ra2 45. a6 1/2-1/2

[Event "RSA-ch U14"]
[Site "Gauteng"]
[Date "2017.04.08"]
[Round "7"]
[White "Pather, Sachen"]
[Black "Claassen, Jean Daniel"]
[Result "1-0"]
[WhiteElo "1398"]
[BlackElo "1423"]
[PlyCount "95"]
[EventDate "2017.04.05"]
[EventType "swiss"]
[EventRounds "11"]
[EventCountry "RSA"]
[SourceTitle "CBM 177 Extra"]
[Source "ChessBase"]
[SourceDate "2017.04.27"]
[SourceVersion "1"]
[SourceVersionDate "2017.04.27"]
[SourceQuality "1"]

1. d4 Nf6 2. c4 c5 3. d5 b5 4. cxb5 a6 5. b6 Bb7 6. Nc3 d6 7. a4 Qxb6 8. a5 Qc7 9. e4 g6 10. Bc4 Nbd7 11. f4 Bg7 12. Nf3 0-0 13. 0-0 Rfe8 14. Kh1 e6 15. dxe6 fxe6 16. Ng5 Nf8 17. f5 gxf5 18. Qb3 fxe4 19. Bf4 Qd7 20. Bxd6 Qxd6 21. Qxb7 h6 22. Qf7+ Kh8 23. Qxe8 Nxe8 24. Nf7+ Kg8 25. Nxd6 Nxd6 26. Ba2 Rb8 27. Rab1 e3 28. Rfe1 Bd4 29. Nd1 Ne4 30. Re2 Nd2 31. Ra1 Kg7 32. g3 e5 33. Nxe3 Rxb2 34. Nf5+ Kg6 35. Nxd4 exd4 36. Bd5 c4 37. Rxd2 Rxd2 38. Bxc4 Kf6 39. Bxa6 Ke5 40. Re1+ Kd5 41. Bb7+ Kc4 42. Ra1 Rb2 43. a6 Nd7 44. a7 Nb6 45. Ra6 d3 46. Bf3 Na8 47. Bxa8 d2 48. Bf3 1-0

[Event "RSA-ch U14"]
[Site "Gauteng"]
[Date "2017.04.07"]
[Round "4"]
[White "Naidoo, Tashil"]
[Black "Claassen, Jean Daniel"]
[Result "1-0"]
[WhiteElo "1302"]
[BlackElo "1423"]
[PlyCount "93"]
[EventDate "2017.04.05"]
[EventType "swiss"]
[EventRounds "11"]
[EventCountry "RSA"]
[SourceTitle "CBM 177 Extra"]
[Source "ChessBase"]
[SourceDate "2017.04.27"]
[SourceVersion "1"]
[SourceVersionDate "2017.04.27"]
[SourceQuality "1"]

1. e4 c5 2. Nc3 g6 3. f4 Nc6 4. Nf3 Bg7 5. Bb5 Nd4 6. 0-0 Nxb5 7. Nxb5 d5 8. exd5 a6 9. Nc3 Nf6 10. d4 c4 11. Ne5 b5 12. Re1 Nxd5 13. Nc6 Nxc3 14. bxc3 Qd6 15. Qf3 Bb7 16. Nxe7 Bxf3 17. Nf5+ Kd7 18. Nxd6 Bd5 19. Ne4 b4 20. Bb2 Rhc8 21. Nc5+ Kd6 22. cxb4 a5 23. a3 Rab8 24. Bc3 axb4 25. axb4 Ra8 26. g3 Re8 27. Rxa8 Rxe1+ 28. Bxe1 Bxd4+ 29. Bf2 Bxf2+ 30. Kxf2 Bxa8 31. c3 Bc6 32. Ke3 f5 33. Kd4 Bd5 34. b5 Bf3 35. Kxc4 Be2+ 36. Kb4 h6 37. c4 g5 38. Nb3 gxf4 39. gxf4 Bg4 40. b6 Kc6 41. c5 h5 42. Nd4+ Kb7 43. Kb5 Bh3 44. c6+ Kc8 45. b7+ Kc7 46. Ne6+ Kd6 47. b8Q+ 1-0

[Event "RSA-chT U14"]
[Site "Cape Town"]
[Date "2016.01.07"]
[Round "7.3"]
[White "Claassen, Jean Daniel"]
[Black "Du Plessis, Jan"]
[Result "1-0"]
[WhiteElo "1188"]
[BlackElo "1183"]
[PlyCount "30"]
[EventDate "2016.01.04"]
[EventType "team-tourn"]
[EventRounds "7"]
[EventCountry "RSA"]
[SourceTitle "CBM 170 Extra"]
[Source "ChessBase"]
[SourceDate "2016.02.25"]
[SourceVersion "1"]
[SourceVersionDate "2016.02.25"]
[SourceQuality "1"]
[WhiteTeam "Tshwane"]
[BlackTeam "Ekurhuleni"]
[WhiteTeamCountry "RSA"]
[BlackTeamCountry "RSA"]

1. d4 d5 2. Nf3 c6 3. e3 Bg4 4. c4 Nf6 5. Qb3 Qb6 6. Qxb6 axb6 7. Ne5 Bf5 8. Nc3 dxc4 9. Bxc4 e6 10. f3 b5 11. e4 Bg6 12. Nxg6 hxg6 13. Bb3 Nbd7 14. Be3 c5 15. dxc5 Nxc5 1-0

[Event "RSA-chT U14"]
[Site "Cape Town"]
[Date "2016.01.05"]
[Round "3.3"]
[White "Claassen, Jean Daniel"]
[Black "Moffat, Mathabo"]
[Result "0-1"]
[WhiteElo "1188"]
[BlackElo "1239"]
[PlyCount "57"]
[EventDate "2016.01.04"]
[EventType "team-tourn"]
[EventRounds "7"]
[EventCountry "RSA"]
[SourceTitle "CBM 170 Extra"]
[Source "ChessBase"]
[SourceDate "2016.02.25"]
[SourceVersion "1"]
[SourceVersionDate "2016.02.25"]
[SourceQuality "1"]
[WhiteTeam "Tshwane"]
[BlackTeam "Kenneth Kaunda"]
[WhiteTeamCountry "RSA"]
[BlackTeamCountry "RSA"]

1. d4 d5 2. Nf3 Nf6 3. e3 Bf5 4. c4 e6 5. Qb3 Qc8 6. Nc3 c6 7. Bd2 Nbd7 8. Be2 h6 9. 0-0 Bd6 10. Rac1 0-0 11. cxd5 exd5 12. Nb5 Bb8 13. Bb4 Qd8 14. Bd6 Re8 15. Bxb8 Qxb8 16. Nc3 b6 17. Na4 Qd6 18. Qc3 Rac8 19. Ba6 Rc7 20. b4 Ne4 21. Qb2 b5 22. Nc5 Nexc5 23. bxc5 Qf6 24. a4 Qd8 25. axb5 Bd3 26. bxc6 Bxa6 27. cxd7 Qxd7 28. Qa3 Bxf1 29. Kxf1 0-1